00525 2200205 4500001002100000005001500021035002000036007000300056008004100059020001500100082001000115084001600125100001200141245006400153250001000217260003400227300002500261650002400286990000900310INLIS00000000001323920220713085242 a0010-0722000723ta220713 g 0 ind  a1234578910 a658.4 a658.4 PER p0 aPERSERO1 aPedoman Pelaksanaan Good Corporate Governance /cPT Persero acet.1 aJakarta; :bPT Persero,c2015 a79 hlm ;c14 x 23 cm 4aMANAJEMEN EKSEKUTIF a4593